000 00755nam a2200229 a 4500
003 OSt
005 20130617171116.0
008 130617s1990 sz ||||| |||| 00| 0 spa d
020 _a92 4 320793 8
040 _cBiblioteca Medicina
041 _aspa
082 _aOMS IT 793
110 _aOrganizacion Mundial de la Salud
_91006
245 0 0 _aLucha contra las leishmaniasis.
_bInforme de un Comite de Expertos de la OMS
250 _a1° ed.
260 _aGinebra
_bOrganizacion Mundial de la Salud
_c1990
300 _a177 p.
440 _aInformes Tecnicos
_n793
_92444
653 _aLEISHMANIASIS-PREVENCION Y CONTROL
942 _2ddc
_cPH
999 _c1506
_d1506
952 _pH0027
_40
_00
_bBFM
_10
_oOMS IT 793
_d2013-06-17
_tEj. 1
_8NFIC
_70
_cCR
_2ddc
_yPH
_aBFM